Dzielnice Raciborza - Statystyki

Ogólne statystyki
  • Ten quiz został rozwiązany 108 razy
  • Średni wynik to 8 z 12
Statystyki odpowiedzi
Odpowiedź % Poprawnych
Markowice
85%
Ocice
81%
Centrum
78%
Brzezie
73%
Studzienna
73%
Ostróg
71%
Sudół
69%
Płonia
66%
Miedonia
59%
Obora
49%
Stara Wieś
49%
Nowe Zagrody
47%
Nie znaleziono quizów pasujących do podanych kryteriów
Rozkład punktacji
Procent ludzi z każdym wynikiem
Percentyl według liczby udzielonych odpowiedzi
Twoja historia wyników
Nie rozwiązałeś tego quizu